Rómske listy

Bibliographic Details
Other Authors: Vaňová, Jarmila (Publishing director)
Format: Journal
Language:Slovak
Romani
Published: Košice Rómske mediálne centrum 2014
Subjects:

MARC

LEADER 00000cas a2200000 a 4500
001 vtls010628017
003 SK-MaSNL
005 20260228161448.0
008 141014d20142014xo mr p 001 b0slo
022 |a 1339-7702 
040 |a SVKPO  |b slo  |c SVKPO  |d SVKBB  |d SNK  |e AACR2 
041 0 |a slo  |a rom 
044 |a xo  |c SK 
072 7 |a 323  |x Vnútropolitický vývoj, politický život  |2 konspekt 
072 7 |a 316.7  |x Sociológia kultúry. Kultúrny život  |2 konspekt 
080 |a 323.15(051)  |2 2011 
080 |a 316.728  |2 2011 
080 |a 050  |2 2011 
080 |a (=214.58)  |2 2011 
210 0 |a Rómske listy  |b (Tlačené vyd.) 
222 0 |a Rómske listy  |b (Tlačené vydanie) 
245 0 0 |a Rómske listy 
260 |a Košice  |b Rómske mediálne centrum  |c 2014 
300 |a 1 zv.  |c 32 cm 
310 |a 1x mesačne 
362 0 |a Č. 1 (2014)-č. 4 (2014) 
500 |a Šéfredaktorka: 1/2014-4/2014, Jarmila Vaňová 
500 |a Registrácia: MK SR EV 5035/14 
530 |a Online vydanie: Rómske listy = ISSN 1336-3018 
650 0 7 |a Rómovia  |2 SNKPH  |9 1702 
650 0 7 |a rómska kultúra  |2 SNKPH  |9 889 
650 0 7 |a národnostné menšiny  |2 SNKPH  |9 2669 
655 7 |a časopisy národnostných menšín  |2 SNKPH  |9 125411 
700 1 |a Vaňová, Jarmila  |4 pbd  |9 268659 
852 |a Štátna vedecká knižnica v Banskej Bystrici 
910 |a snk 
916 |a 2014 
999 |c 5437  |d 7367 
952 |0 0  |1 0  |4 0  |7 0  |8 0  |a SNK  |b SNK  |d 2018-06-22  |f 1  |i snk2018/13441  |l 0  |o snkČSB 6701/2014  |p 17A1326649  |r 2026-02-21 22:13:04  |t č. 1-4  |w 2026-02-21  |y PREZ 
952 |0 0  |1 0  |4 0  |7 0  |8 0  |a SNK  |b SNK  |d 2018-06-22  |i snk2018/13445  |l 0  |o snkČSB 6701/2014 D1  |p 17A1326650  |r 2026-02-21 22:13:04  |t č. 1-4  |w 2026-02-21  |y PREZ